[Event "AUTO-OPEN-280"]
[Site "http://www.queenalice.com/game.php?id=167078"]
[Date "2007.2.11"]
[Round "2"]
[White "bogmaster"]
[Black "csadler"]
[Result "0-1"]
[WhiteElo "1677"]
[BlackElo "1786"]

1. b3 f5 2. Bb2 Nf6 3. g3 e6 4. Nf3 b6 5. Bg2 Bb7 6. Nh4 Bxg2 7. Nxg2 Be7 8. d3
O-O 9. Ba3 Bxa3 10. Nxa3 Qe7 11. Nc4 d5 12. Ne5 Nbd7 13. Nxd7 Qxd7 14. O-O c5
15. f3 Rae8 16. Qd2 Qd6 17. d4 cxd4 18. Qxd4 Rc8 19. c4 Qc5 20. Rad1 dxc4 21.
Qxc5 Rxc5 22. b4 Rd5 23. Nf4 Rxd1 24. Rxd1 e5 25. Ne6 Rc8 26. f4 Kf7 27. fxe5
Kxe6 28. exf6 Kxf6 29. Rd6+ Ke5 30. Rd7 c3 31. Rxg7 c2 0-1

[Event "AUTO-OPEN-280"]
[Site "http://www.queenalice.com/game.php?id=167079"]
[Date "2007.2.11"]
[Round "2"]
[White "csadler"]
[Black "bogmaster"]
[Result "0-1"]
[WhiteElo "1706"]
[BlackElo "1638"]

1. Nf3 Nc6 2. e4 e5 3. Bb5 d6 4. d4 Bd7 5. d5 Na5 6. Bxd7+ Qxd7 7. Qe2 b5 8. a4
Ne7 9. axb5 Nb7 10. O-O Ng6 11. c4 Nf4 12. Bxf4 exf4 13. Nc3 Be7 14. e5 O-O 15.
e6 Qe8 16. exf7+ Qxf7 17. Rfe1 Rae8 18. Qd2 Bd8 19. Rxa7 Rxe1+ 20. Nxe1 Nc5 21.
b4 Nd7 22. Ne4 Qe7 23. f3 Qe5 24. Nd3 Qd4+ 25. Kh1 Qxa7 26. Nxf4 Qa1+ 0-1

[Event "AUTO-OPEN-367"]
[Site "http://www.queenalice.com/game.php?id=179420"]
[Date "2007.3.10"]
[Round "2"]
[White "whitekings"]
[Black "bogmaster"]
[Result "1-0"]
[WhiteElo "1722"]
[BlackElo "1689"]

1. e4 e5 2. Nf3 Nc6 3. Bb5 Nd4 4. Nxd4 exd4 5. O-O a6 6. Bc4 b5 7. Bb3 d6 8. Qf3
Nh6 9. d3 f6 10. Bxh6 gxh6 11. c3 dxc3 12. Nxc3 Bg7 13. Rfd1 Bb7 14. Rac1 Qd7
15. d4 O-O-O 16. Ne2 Rhf8 17. Ng3 Rde8 18. d5 c5 19. Nf5 Rf7 20. Re1 a5 21. Bc2
c4 22. b3 Bxd5 23. exd5 Rxe1+ 24. Rxe1 Kb7 25. Be4 Bf8 26. Qc3 Qc7 27. Nd4 cxb3
28. Qxb3 Qc4 29. Qxb5+ Qxb5 30. Nxb5 f5 31. Bf3 f4 32. Nd4 Kb6 33. Kf1 Kc5 34.
Nc6 a4 35. Ke2 Rf5 36. Rd1 h5 37. Rd4 Bg7 38. Rxa4 Bc3 39. Kd3 Rxd5+ 40. Bxd5
Kxd5 41. Kxc3 Kxc6 42. Rxf4 Kd5 43. a4 1-0

[Event "AUTO-OPEN-367"]
[Site "http://www.queenalice.com/game.php?id=179421"]
[Date "2007.3.10"]
[Round "2"]
[White "bogmaster"]
[Black "whitekings"]
[Result "1-0"]
[WhiteElo "1674"]
[BlackElo "1757"]

1. e4 e5 2. d4 exd4 3. Qxd4 Nc6 4. Qc4 Nf6 5. f4 d5 6. exd5 Qxd5 7. Qb3 Be6 8.
Qxb7 Qe4+ 9. Ne2 Qb4+ 10. Qxb4 Nxb4 11. Na3 O-O-O 12. Bd2 Ne4 13. Be3 g6 14. Nd4
Bg4 15. c3 Nd5 16. Nac2 Nxe3 17. Nxe3 Rxd4 18. Ba6+ Kb8 19. cxd4 Bb4+ 20. Kf1
Be6 21. d5 Bd7 22. Ke2 Rd8 23. a3 Ba5 24. b4 Bb6 25. Nc4 Bd4 26. Rac1 Bf5 27. d6
cxd6 28. Na5 Nc3+ 29. Rxc3 Bxc3 30. Nc6+ Kc7 31. Nxd8 Kxd8 32. Rc1 Bf6 33. h3 d5
34. g4 Be6 35. b5 d4 36. Rc6 Kd7 37. f5 gxf5 38. gxf5 Bxf5 39. Rxf6 d3+ 40. Kd2
Bg6 41. Rc6 Ke7 42. Rc7+ Kd6 43. Rxa7 Kc5 44. a4 Kb4 45. Bc8 Kc5 46. Ra6 Kd5 47.
b6 Kc6 48. b7+ Kc7 49. Ra8 Kc6 50. b8=Q Kc5 51. Qe5+ Kb4 52. Qb5+ Ka3 53. Rb8
Ka2 54. Qb2# 1-0

[Event "AUTO-OPEN-330"]
[Site "http://www.queenalice.com/game.php?id=183069"]
[Date "2007.3.16"]
[Round "2"]
[White "bogmaster"]
[Black "ichtus"]
[Result "0-1"]
[WhiteElo "1703"]
[BlackElo "2076"]

1. d4 Nf6 2. Nf3 g6 3. Be3 d5 4. Ng5 Bg7 5. g3 Bf5 6. Bg2 c6 7. b4 O-O 8. O-O
Na6 9. c3 Nc7 10. a4 a5 11. Nd2 Ng4 12. Bf4 h6 13. Ngf3 Ne6 14. Nh4 Nxf4 15.
gxf4 Bd7 16. h3 Nf6 17. c4 dxc4 18. Nxc4 axb4 19. a5 Be6 20. Qd3 Bxc4 21. Qxc4
Rxa5 22. Qxb4 Rxa1 23. Rxa1 Qc7 24. e3 e6 25. Bf3 Nd5 26. Bxd5 exd5 27. Nf3 c5
28. Qb5 cxd4 29. Nxd4 Bxd4 30. exd4 Qxf4 31. Qxd5 Qh4 32. Ra3 Rd8 33. Qxb7 Qxd4
34. Re3 Qf6 35. Qb3 Qa1+ 36. Kg2 Qa8+ 37. Kg3 Qb8+ 38. Qxb8 Rxb8 39. f4 Rb5 40.
h4 Kg7 41. Re7 Kf6 42. Rc7 Rb3+ 43. Kg2 Ke6 44. Rc6+ Kf5 45. Rc4 Rb5 46. Kf3
Rb3+ 47. Kg2 Kg4 48. Rc7 Rb2+ 0-1

[Event "AUTO-OPEN-330"]
[Site "http://www.queenalice.com/game.php?id=183070"]
[Date "2007.3.16"]
[Round "2"]
[White "ichtus"]
[Black "bogmaster"]
[Result "1-0"]
[WhiteElo "2111"]
[BlackElo "1678"]

1. d4 Nf6 2. Nf3 Nc6 3. d5 Na5 4. Nc3 c5 5. e4 h6 6. Be2 d6 7. O-O Qb6 8. Rb1
Bg4 9. Be3 e5 10. dxe6 fxe6 11. b4 1-0

[Event "AUTO-OPEN-330"]
[Site "http://www.queenalice.com/game.php?id=183071"]
[Date "2007.3.16"]
[Round "2"]
[White "bogmaster"]
[Black "marcusquaresma"]
[Result "0-1"]
[WhiteElo "1701"]
[BlackElo "1948"]

1. d4 d5 2. Nc3 Nf6 3. Bf4 e6 4. a3 c5 5. Nf3 Nc6 6. Ne5 Nxd4 7. e3 Nf5 8. Bb5+
Bd7 9. Nxd7 Nxd7 10. Nxd5 exd5 11. Qxd5 Qa5+ 12. c3 Qxb5 13. Qxf5 Be7 14. O-O-O
Nb6 15. Bc7 Nc4 16. b3 Nxa3 17. Rd5 O-O 18. Rhd1 Qxb3 19. Qd3 c4 20. Qe4 Qxc3+
0-1

[Event "AUTO-OPEN-330"]
[Site "http://www.queenalice.com/game.php?id=183072"]
[Date "2007.3.16"]
[Round "2"]
[White "marcusquaresma"]
[Black "bogmaster"]
[Result "1-0"]
[WhiteElo "1954"]
[BlackElo "1695"]

1. e4 e5 2. Nf3 Nc6 3. Bb5 Nd4 4. Nxd4 exd4 5. O-O c6 6. Bc4 b5 7. Bb3 Nh6 8. d3
Bd6 9. Bxh6 gxh6 10. Re1 Be5 11. Qh5 Qe7 12. Bxf7+ Kd8 13. Nd2 Rf8 14. Bb3 d6
15. Nf3 Be6 16. Nxe5 dxe5 17. Qxe5 Bxb3 18. Qxd4+ Qd7 19. Qxd7+ Kxd7 20. axb3 a5
21. c3 1-0

[Event "AUTO-OPEN-280"]
[Site "http://www.queenalice.com/game.php?id=223853"]
[Date "2007.6.12"]
[Round "3"]
[White "bogmaster"]
[Black "csadler"]
[Result "1-0"]
[WhiteElo "1693"]
[BlackElo "1658"]

1. e4 Nf6 2. Nc3 e5 3. d3 Bb4 4. Bd2 d6 5. Nf3 O-O 6. d4 exd4 7. Nxd4 Bxc3 8.
Bxc3 Nxe4 9. Qf3 Nxc3 10. Qxc3 Re8+ 11. Be2 c5 12. Nf3 Qe7 13. O-O Qxe2 14. Rfe1
1-0

[Event "AUTO-OPEN-280"]
[Site "http://www.queenalice.com/game.php?id=223854"]
[Date "2007.6.12"]
[Round "3"]
[White "csadler"]
[Black "bogmaster"]
[Result "1-0"]
[WhiteElo "1852"]
[BlackElo "1738"]

1. e4 e5 2. Nf3 Nc6 3. Bb5 f6 4. Bxc6 dxc6 5. Nxe5 fxe5 6. Qh5+ Kd7 7. Qxe5 Nf6
8. O-O Bd6 9. Qd4 c5 10. Qd3 Ng4 11. f4 Qh4 12. h3 Nh2 13. Kxh2 g5 14. e5 gxf4
15. exd6 cxd6 16. Nc3 Kd8 17. Qxd6+ Bd7 18. Qxf4 Qxf4+ 19. Rxf4 Bc6 20. d3 Kd7
21. Be3 Rhf8 22. Raf1 Rxf4 23. Rxf4 Rg8 24. Ne4 Bxe4 25. Rxe4 Kd6 26. Rg4 Re8
27. Bd2 Re2 28. Bc3 Rxc2 29. Rc4 Kd5 30. Rh4 1-0

[Event "AUTO-OPEN-280"]
[Site "http://www.queenalice.com/game.php?id=223855"]
[Date "2007.6.12"]
[Round "3"]
[White "bogmaster"]
[Black "Denorwaygths"]
[Result "0-1"]
[WhiteElo "1689"]
[BlackElo "1837"]

1. e4 e5 2. d4 exd4 3. Qxd4 d6 4. Nc3 Nc6 5. Qa4 Bd7 6. Bb5 Nf6 7. Nd5 a6 8.
Nxf6+ Qxf6 9. Bd3 Ne5 10. Qb4 O-O-O 11. Be3 d5 12. Qc3 dxe4 13. Bc5 Bxc5 14.
Qxc5 Nxd3+ 0-1

[Event "AUTO-OPEN-280"]
[Site "http://www.queenalice.com/game.php?id=223856"]
[Date "2007.6.12"]
[Round "3"]
[White "Denorwaygths"]
[Black "bogmaster"]
[Result "1-0"]
[WhiteElo "1826"]
[BlackElo "1700"]

1. Nf3 Nc6 2. d4 d5 3. Nc3 Nf6 4. Bf4 Ne4 5. Nb5 e6 6. Nxc7+ Kd7 7. Nxa8 Qa5+ 8.
c3 Bd6 9. Bxd6 Nxd6 10. e3 b6 11. Nxb6+ axb6 12. b4 Qa3 13. Qc1 Ba6 14. Qxa3 1-0

[Event "AUTO-OPEN-280"]
[Site "http://www.queenalice.com/game.php?id=223857"]
[Date "2007.6.12"]
[Round "3"]
[White "bogmaster"]
[Black "miguelvidal"]
[Result "0-1"]
[WhiteElo "1725"]
[BlackElo "2144"]

1. e4 d5 2. e5 e6 3. d4 c5 4. Be3 cxd4 5. Qxd4 Nc6 6. Qa4 Bd7 7. Qf4 Qa5+ 8. Bd2
Qb6 9. b3 f6 10. exf6 Nxf6 11. Nh3 e5 12. Qf3 Bd6 13. a4 O-O 14. Be3 Nd4 15.
Bxd4 exd4 16. Be2 Ne4 17. Qh5 Rf5 18. Qg4 d3 19. Bxd3 Rxf2 20. Qxd7 Qe3+ 0-1

[Event "AUTO-OPEN-280"]
[Site "http://www.queenalice.com/game.php?id=223858"]
[Date "2007.6.12"]
[Round "3"]
[White "miguelvidal"]
[Black "bogmaster"]
[Result "1-0"]
[WhiteElo "2139"]
[BlackElo "1727"]

1. e4 e5 2. Nf3 d6 3. d4 exd4 4. Nxd4 g6 5. Nc3 Be6 6. Nxe6 fxe6 7. Qg4 Qd7 8.
Bc4 Ne7 9. Bxe6 Qc6 10. Qf3 Kd8 11. Qf6 Nd7 12. Qxh8 1-0

[Event "Let's Play Chess!"]
[Site "http://www.queenalice.com/game.php?id=227646"]
[Date "2007.6.19"]
[Round "-"]
[White "colognestar"]
[Black "bogmaster"]
[Result "0-1"]
[WhiteElo "2056"]
[BlackElo "1708"]

1. b4 c6 2. g3 a5 3. bxa5 Rxa5 4. Bg2 d5 5. Nf3 Bg4 6. O-O Bxf3 7. Bxf3 e6 8. d3
Qf6 9. c3 Na6 10. Qb3 Nc5 11. Qb6 Ra6 12. Qc7 Qe7 13. Qb8+ Qd8 14. Qxd8+ Kxd8
15. Nd2 Bd6 16. Bb2 Na4 17. Rfb1 Nxb2 18. Rxb2 b5 19. Rab1 Kc7 20. e4 Nf6 21. c4
b4 22. e5 Bxe5 23. Rxb4 Rxa2 24. Rb7+ Kd6 25. Rxf7 Rxd2 26. c5+ Kxc5 27. Rxg7
Rxd3 28. Be2 Rd2 29. Bf1 Ne4 30. Rf7 Nc3 31. Rc1 Kd4 32. f4 Bd6 33. Rf6 Ne2+ 0-1

[Event "AUTO-OPEN-367"]
[Site "http://www.queenalice.com/game.php?id=236046"]
[Date "2007.7.7"]
[Round "3"]
[White "brunoparadisi"]
[Black "bogmaster"]
[Result "1-0"]
[WhiteElo "1834"]
[BlackElo "1723"]

1. e4 e5 2. Nf3 Nc6 3. Bc4 Nh6 4. c3 Bc5 5. d4 exd4 6. cxd4 Bb4+ 7. Nc3 Na5 8.
Bd3 b6 9. O-O Bb7 10. Bd2 Bxc3 11. bxc3 Qe7 12. Re1 O-O-O 13. Qe2 f6 14. Ba6
Rhe8 15. Bxb7+ Kxb7 16. a4 Nb3 17. Rab1 Nxd2 18. Nxd2 g6 19. a5 d5 20. a6+ Kb8
21. Qf3 Qd6 22. exd5 Nf5 23. Rxe8 Rxe8 24. Nc4 Qd7 25. Na5 Qb5 26. Nc6+ Ka8 27.
Nb4 Qe2 28. Qxe2 Rxe2 29. Kf1 Re7 30. Nc6 Rd7 31. Re1 Ng7 32. Nb4 b5 33. f4 g5
34. fxg5 fxg5 35. Re3 Rf7+ 36. Kg1 h5 37. h3 Kb8 38. Nc6+ Ka8 39. Re2 Rf8 40.
Rb2 Re8 41. Rxb5 Nf5 42. Rb7 1-0

[Event "AUTO-OPEN-367"]
[Site "http://www.queenalice.com/game.php?id=236047"]
[Date "2007.7.7"]
[Round "3"]
[White "bogmaster"]
[Black "brunoparadisi"]
[Result "0-1"]
[WhiteElo "1711"]
[BlackElo "1846"]

1. e4 c6 2. d4 d5 3. e5 Bf5 4. Bd3 Bxd3 5. cxd3 e6 6. Qb3 Qc7 7. a4 Nd7 8. Nf3
Ne7 9. O-O h6 10. Qc3 Qb6 11. b4 Nf5 12. a5 Qxb4 13. Bd2 Qe7 14. Qb3 Nb8 15. Ra4
Na6 16. Bc3 Rb8 17. Nbd2 Qc7 18. g4 Ne7 19. h3 Ng6 20. Rb1 Nf4 21. Nc4 dxc4 22.
Qxc4 Nxh3+ 23. Kg2 Nf4+ 24. Kf1 Nd5 25. Bd2 Be7 26. Nh2 O-O 27. Nf3 c5 28. g5 h5
29. Nh4 cxd4 30. g6 Bxh4 31. Qxd4 Qc2 32. gxf7+ Rxf7 33. Qxh4 Qxb1+ 34. Ke2 Nf4+
35. Rxf4 Rxf4 36. Bxf4 Qb2+ 37. Kf3 Qd4 38. Qxh5 Qxd3+ 39. Be3 Nb4 40. Kg2 Qe4+
41. Kg3 Nc6 42. Qg5 a6 43. f3 Qxe5+ 44. Bf4 Qxg5+ 45. Bxg5 Nxa5 0-1

[Event "AUTO-OPEN-367"]
[Site "http://www.queenalice.com/game.php?id=236050"]
[Date "2007.7.7"]
[Round "3"]
[White "bogmaster"]
[Black "whitekings"]
[Result "1-0"]
[WhiteElo "1694"]
[BlackElo "1704"]

1. e4 e5 2. Ne2 Bc5 3. b3 Nc6 4. Nbc3 Nf6 5. Ng3 O-O 6. Bb2 d6 7. Nf5 Bxf5 8.
exf5 d5 9. Bb5 Re8 10. O-O Qd6 11. Bxc6 bxc6 12. Na4 Bb6 13. Nxb6 cxb6 14. d4 e4
15. c4 Rad8 16. a4 a6 17. Ba3 Qf4 18. c5 b5 19. a5 Ng4 20. g3 Qxf5 21. h3 1-0

[Event "AUTO-OPEN-367"]
[Site "http://www.queenalice.com/game.php?id=236051"]
[Date "2007.7.7"]
[Round "3"]
[White "whitekings"]
[Black "bogmaster"]
[Result "0-1"]
[WhiteElo "1688"]
[BlackElo "1710"]

1. e4 e5 2. f4 exf4 3. Nf3 Be7 4. Bc4 d6 5. O-O Nf6 6. Nc3 c6 7. d4 Nh5 8. e5 d5
9. Bd3 Be6 10. h3 Bh4 11. g4 fxg3 12. b3 Bxh3 13. Re1 O-O 14. Ba3 Re8 15. Kh1
Nf4 16. Rg1 Bg4 17. Qf1 Bxf3+ 18. Qxf3 Nxd3 19. Qxd3 Qg5 0-1

[Event "AUTO-INT-257"]
[Site "http://www.queenalice.com/game.php?id=236425"]
[Date "2007.7.8"]
[Round "3"]
[White "marius"]
[Black "bogmaster"]
[Result "0-1"]
[WhiteElo "1658"]
[BlackElo "1679"]

1. e4 e5 2. Bc4 Nh6 3. Nf3 d6 4. c3 Be6 5. Bxe6 fxe6 6. d3 Nd7 7. Bxh6 gxh6 8.
Nbd2 Qf6 9. O-O O-O-O 10. Qa4 Nc5 11. Qxa7 Nxd3 12. Qa8+ Kd7 13. Qxb7 Nf4 14.
Qb5+ Ke7 15. Qc4 c5 0-1

[Event "AUTO-INT-257"]
[Site "http://www.queenalice.com/game.php?id=236426"]
[Date "2007.7.8"]
[Round "3"]
[White "bogmaster"]
[Black "marius"]
[Result "1-0"]
[WhiteElo "1725"]
[BlackElo "1624"]

1. e4 c5 2. Bc4 Nc6 3. Nf3 e6 4. d3 g6 5. c3 Bg7 6. d4 cxd4 7. cxd4 d5 8. exd5
exd5 9. Qe2+ Nge7 10. O-O O-O 11. Bd3 Bg4 12. Qc2 Bxf3 13. gxf3 Nxd4 14. Qa4
Nxf3+ 15. Kg2 Ne5 16. Qb5 Nxd3 17. Qxd3 Qb6 18. Nd2 Bxb2 19. Bxb2 Qxb2 20. Rfb1
Qe5 21. Re1 Qg5+ 22. Kf1 Nf5 23. Rad1 Nh4 24. Qg3 1-0